书目信息 |
| 题名: |
涉外礼仪教程
|
|
| 作者: | 金正昆 著 | |
| 分册: | ||
| 出版信息: | 北京 中国人民大学出版社 2014.4 |
|
| 页数: | 346页 | |
| 开本: | 26cm | |
| 丛书名: | ||
| 单 册: | ||
| 中图分类: | D802.2 | |
| 科图分类: | ||
| 主题词: | 外交礼节--Wai Jiao Li Jie--教材 , 教材--Jiao Cai | |
| 电子资源: | ||
| ISBN: | 978-7-300-18855-3 | |
| 000 | 00872nam0 22002651 450 | |
| 001 | 350355 | |
| 005 | 20161008163108.14 | |
| 010 | @a978-7-300-18855-3@dCNY39.80 | |
| 100 | @a20140805d2014 em y0chiy50 ea | |
| 101 | 0 | @achi |
| 102 | @aCN@b110000 | |
| 105 | @ay z 000yy | |
| 106 | @ar | |
| 200 | 1 | @a涉外礼仪教程@AShe Wai Li Yi Jiao Cheng@f金正昆著 |
| 205 | @a4版 | |
| 210 | @a北京@c中国人民大学出版社@d2014.4 | |
| 215 | @a346页@d26cm | |
| 300 | @a21世纪实用礼仪系列教材 | |
| 330 | @a本书分上下两编,上编国际交往惯例,介绍了在涉外交往过程中应遵循的礼仪规范以及应注意的禁忌等内容;下编各国礼仪习俗,介绍了数十个国家的礼仪习俗和交往规范。 | |
| 606 | 0 | @a外交礼节@AWai Jiao Li Jie@j教材 |
| 606 | 0 | @a教材@AJiao Cai |
| 690 | @aD802.2@v5 | |
| 701 | 0 | @a金正昆@AJin Zheng Kun@f(1959~)@4著 |
| 801 | 0 | @aCN@bTANGWEI@c20160803 |
| 905 | @b0889610-4@dD802.2@e25=4@f5 | |
| 涉外礼仪教程/金正昆著 .-4版.-北京:中国人民大学出版社,2014.4 |
| 346页;26cm |
| 21世纪实用礼仪系列教材 |
| ISBN 978-7-300-18855-3:CNY39.80 |
| 本书分上下两编,上编国际交往惯例,介绍了在涉外交往过程中应遵循的礼仪规范以及应注意的禁忌等内容;下编各国礼仪习俗,介绍了数十个国家的礼仪习俗和交往规范。 |
| ● |
| 相关链接 |
|
|
|
|
正题名:涉外礼仪教程
索取号:D802.2/25=4
 
预约/预借
| 序号 | 登录号 | 条形码 | 馆藏地/架位号 | 状态 | 备注 |
| 1 | 0889610 | 208896104 | 第一样本阅览室/ [索取号:D802.2/25=4] | 在馆 | |
| 2 | 0889611 | 208896113 | 第一借阅区/ [索取号:D802.2/25=4] | 在馆 | |
| 3 | 0889612 | 208896122 | 第一借阅区/ [索取号:D802.2/25=4] | 在馆 | |
| 4 | 0889613 | 208896131 | 第一借阅区/ [索取号:D802.2/25=4] | 在馆 | |
| 5 | 0889614 | 208896140 | 第一借阅区/ [索取号:D802.2/25=4] | 在馆 |